Normal view
MARC view
- Traffic accidents
Entry Topical Term
001 - CONTROL NUMBER
- control field: 19603
003 - CONTROL NUMBER IDENTIFIER
- control field: NUST
005 - DATE AND TIME OF LATEST TRANSACTION
- control field: 20190827111215.0
008 - FIXED-LENGTH DATA ELEMENTS
- fixed length control field: 190827|| aca||aabn | a|a d
040 ## - CATALOGING SOURCE
- Original cataloging agency: NUST
- Transcribing agency: NUST
150 ## - HEADING--TOPICAL TERM
- Topical term or geographic name entry element: Traffic accidents
670 ## - SOURCE DATA FOUND
- Source citation: Work cat.: (NUST)0: Institute of Traffic Engineers. 19574, Manual of traffic engineering studies., 1964.
